[Event "II Festival A"]
[Site "Cortina d'Ampezzo ITA"]
[Date "2004.07.17"]
[Round "8"]
[White "Bisignano, Giuseppe"]
[Black "Gardi, Giuseppe"]
[Result "0-1"]
[WhiteElo "1958"]
[BlackElo "2061"]
[PlyCount "86"]
[EventDate "2004.07.11"]

1. e4 g6 2. d4 Bg7 3. Nf3 c6 4. Nc3 d5 5. e5 Nh6 6. Bd3 f6 7. O-O O-O 8. h3 Nf7
9. Re1 fxe5 10. dxe5 e6 11. Bf4 c5 12. Qd2 Nc6 13. g4 a6 14. Rad1 b5 15. Bf1 b4
16. Na4 Qa5 17. b3 Bd7 18. a3 Rac8 19. axb4 Nxb4 20. Ng5 Nxg5 21. Bxg5 Bb5 22.
c4 Bxa4 23. Ra1 d4 24. Rxa4 Qc7 25. f4 Qf7 26. Re4 h6 27. Bh4 g5 28. Bf2 gxf4
29. Bxd4 Rcd8 30. Rxb4 cxb4 31. Qxb4 Qg6 32. Bd3 f3 33. c5 Qg5 34. Qc3 Qh4 35.
Bf2 Qg5 36. h4 Qg6 37. c6 Rxd3 38. Qxd3 Bxe5 39. h5 Qf6 40. Qe3 Bf4 41. Qd3 Qg5
42. Kh1 Qxg4 43. Qf1 Qxh5+ 0-1

[Event "II Festival A"]
[Site "Cortina d'Ampezzo ITA"]
[Date "2004.07.17"]
[Round "8"]
[White "Boscolo, Marco"]
[Black "Ricci, Alfredo"]
[Result "1/2-1/2"]
[WhiteElo "1898"]
[BlackElo "2002"]
[PlyCount "173"]
[EventDate "2004.07.11"]

1. e4 c5 2. Nf3 e6 3. d3 d5 4. Nbd2 Nc6 5. g3 Nf6 6. Bg2 dxe4 7. dxe4 e5 8. c3
Be7 9. O-O Qd3 10. Qa4 b5 11. Qd1 O-O 12. a4 b4 13. cxb4 cxb4 14. Qb3 Ba6 15.
Re1 Nd4 16. Qxd3 Bxd3 17. Nxd4 exd4 18. e5 Nd7 19. Bxa8 Rxa8 20. Nb3 Bc5 21.
Bf4 Bc2 22. Nd2 Nf8 23. Rec1 d3 24. Rxc2 dxc2 25. Rc1 Rc8 26. Nb3 Ne6 27. Be3
Bxe3 28. fxe3 Kf8 29. Kf1 Ke7 30. Na1 b3 31. Nxb3 Rb8 32. Na1 Rxb2 33. Nxc2 Ra2
34. Nb4 Rxa4 35. Nd5+ Kd8 36. Rd1 Ke8 37. Rb1 Ra5 38. Nc3 Rxe5 39. Rb8+ Nd8 40.
Ke2 Kd7 41. Rb4 a5 42. Rd4+ Ke8 43. Rh4 h6 44. Rf4 Ne6 45. Rc4 Kd7 46. Na4 Rb5
47. Kd3 Kd6 48. Nc3 Rb4 49. Rc8 a4 50. Ra8 Nc5+ 51. Kc2 Rc4 52. Rd8+ Ke5 53.
Rd5+ Kf6 54. Rd4 Rxd4 55. exd4 Ne6 56. Nxa4 Nxd4+ 57. Kd3 Nf3 58. h3 Kf5 59.
Ke3 Ng1 60. h4 Kg4 61. Kf2 Nh3+ 62. Kg2 f5 63. Nc5 f4 64. gxf4 Nxf4+ 65. Kh2
Kxh4 66. Ne4 g5 67. Nf6 h5 68. Ne4 g4 69. Ng3 Kg5 70. Ne4+ Kg6 71. Kg3 Ne2+ 72.
Kf2 Nd4 73. Kg3 Nf5+ 74. Kf4 Ng7 75. Kg3 Kf5 76. Nf2 Ne6 77. Nd3 Kg5 78. Ne5
h4+ 79. Kg2 Nf4+ 80. Kf2 Kf5 81. Nc4 Nd5 82. Nb2 Nf6 83. Nd3 Ne4+ 84. Kg2 h3+
85. Kh2 Nf6 86. Nf2 Kf4 87. Nxh3+ 1/2-1/2

[Event "II Festival A"]
[Site "Cortina d'Ampezzo ITA"]
[Date "2004.07.17"]
[Round "8"]
[White "Cardili, Mariano"]
[Black "Fontana, Enrico"]
[Result "1-0"]
[WhiteElo "1997"]
[BlackElo "2056"]
[PlyCount "77"]
[EventDate "2004.07.11"]

1. d4 Nf6 2. c4 e6 3. Nc3 Bb4 4. e3 c5 5. Nf3 O-O 6. Bd3 Bxc3+ 7. bxc3 d6 8.
O-O Nc6 9. e4 e5 10. d5 Ne7 11. Nh4 h6 12. f4 Ne8 13. Nf3 f6 14. f5 Nc7 15. g4
Kf7 16. h4 Ke8 17. g5 hxg5 18. hxg5 Rh8 19. Kg2 Na6 20. Bd2 Kd7 21. Rh1 Kc7 22.
Rxh8 Qxh8 23. Qh1 Bd7 24. Kf2 Rf8 25. Rg1 Kd8 26. Qg2 Nc7 27. Rh1 Qg8 28. Qf1
Ne8 29. g6 Nc8 30. Nh2 Nb6 31. Ng4 Kc8 32. Rh7 Ba4 33. Bh6 Nd7 34. Bxg7 Nxg7
35. Nh6 Qxh7 36. gxh7 Rh8 37. Qg1 Rxh7 38. Qg6 Nf8 39. Qf7 1-0

[Event "II Festival A"]
[Site "Cortina d'Ampezzo ITA"]
[Date "2004.07.17"]
[Round "8"]
[White "Castaldo, Folco"]
[Black "Efimov, Igor"]
[Result "0-1"]
[WhiteElo "2318"]
[BlackElo "2491"]
[PlyCount "46"]
[EventDate "2004.07.11"]

1. c4 e5 2. g3 Nf6 3. Bg2 Nc6 4. Nc3 h6 5. a3 a5 6. d3 Bc5 7. e3 d6 8. Nge2 O-O
9. O-O Ba7 10. h3 Ne7 11. e4 Nd7 12. Kh2 f5 13. f4 c6 14. d4 Qe8 15. d5 Qg6 16.
b3 Nf6 17. fxe5 dxe5 18. d6 Rd8 19. Qd3 Bc5 20. Be3 Bxd6 21. c5 Bc7 22. Qc4+
Kh8 23. b4 Be6 0-1

[Event "II Festival A"]
[Site "Cortina d'Ampezzo ITA"]
[Date "2004.07.17"]
[Round "8"]
[White "Cetro, Carlo"]
[Black "Beccaris, Gabriele"]
[Result "1-0"]
[WhiteElo "2042"]
[BlackElo "2081"]
[PlyCount "69"]
[EventDate "2004.07.11"]

1. c4 Nf6 2. Nf3 e6 3. d4 c5 4. d5 exd5 5. cxd5 d6 6. Nc3 g6 7. e4 Bg7 8. Be2
O-O 9. O-O Re8 10. Nd2 a6 11. a4 Nbd7 12. f4 Rb8 13. a5 Qc7 14. Qc2 b5 15. axb6
Nxb6 16. b3 Nfxd5 17. exd5 Rxe2 18. Bb2 Re7 19. Qd3 Re3 20. Qxe3 Bd4 21. Rfe1
Bxe3+ 22. Rxe3 Bf5 23. g4 Bxg4 24. Rae1 Kf8 25. Nde4 Qd7 26. Nf6 Qf5 27. Nce4
Qxf4 28. Nxd6 Be6 29. dxe6 Qg5+ 30. Rg3 Qd2 31. e7+ Kg7 32. Bc3 Qxe1+ 33. Bxe1
Kxf6 34. e8=Q Rxe8 35. Nxe8+ 1-0

[Event "II Festival A"]
[Site "Cortina d'Ampezzo ITA"]
[Date "2004.07.17"]
[Round "8"]
[White "D'Apa, Matteo"]
[Black "Forno, Roberto"]
[Result "1-0"]
[WhiteElo "1939"]
[BlackElo "2015"]
[PlyCount "97"]
[EventDate "2004.07.11"]

1. d4 g6 2. c4 Bg7 3. Nc3 d6 4. e4 Nc6 5. Be3 e5 6. d5 Nd4 7. Nge2 Bg4 8. Qd2
Bxe2 9. Nxe2 Nxe2 10. Bxe2 Ne7 11. O-O O-O 12. Rac1 f5 13. f3 f4 14. Bf2 g5 15.
Rc2 Ng6 16. Rfc1 h5 17. c5 Rf7 18. Qd1 Bh6 19. b4 g4 20. fxg4 hxg4 21. Bxg4 Rg7
22. Be6+ Kh7 23. Bf5 Qg5 24. cxd6 cxd6 25. Rc7 Kh8 26. Rc8+ Rg8 27. Rxa8 Rxa8
28. Qg4 f3 29. Qxg5 Bxg5 30. Rc7 Nf4 31. gxf3 Ne2+ 32. Kf1 Nd4 33. Bxd4 exd4
34. Rxb7 a5 35. Rc7 axb4 36. Rc8+ Rxc8 37. Bxc8 d3 38. Ba6 d2 39. Be2 Kg7 40.
Bd1 Kf6 41. Ke2 Bf4 42. Kd3 Kg5 43. Kc4 Bxh2 44. Kxb4 Kf4 45. a4 Ke3 46. a5 Kd3
47. a6 Bg1 48. Kb5 Kc3 49. Kc6 1-0

[Event "II Festival A"]
[Site "Cortina d'Ampezzo ITA"]
[Date "2004.07.17"]
[Round "8"]
[White "Kostic, Vladimir G."]
[Black "Guido, Flavio"]
[Result "1-0"]
[WhiteElo "2390"]
[BlackElo "2338"]
[PlyCount "53"]
[EventDate "2004.07.11"]

1. d4 Nf6 2. c4 e6 3. Nf3 b6 4. a3 Ba6 5. Qc2 Bb7 6. Nc3 c5 7. e4 cxd4 8. Nxd4
Bc5 9. Nb3 Nc6 10. Bd3 Qb8 11. Nxc5 bxc5 12. Be3 d6 13. h3 O-O 14. O-O Qd8 15.
f4 Nd4 16. Qf2 e5 17. b4 Nd7 18. Qg3 f6 19. Rf2 Re8 20. Raf1 Kh8 21. Qh4 Rc8
22. Qh5 cxb4 23. axb4 Ne6 24. Nb5 Nb6 25. Nxa7 Nxc4 26. Nxc8 Nxe3 27. Nxd6 1-0

[Event "II Festival A"]
[Site "Cortina d'Ampezzo ITA"]
[Date "2004.07.17"]
[Round "8"]
[White "Lazic, Miroljub"]
[Black "Navarro, Stefano"]
[Result "1-0"]
[WhiteElo "2471"]
[BlackElo "2117"]
[PlyCount "73"]
[EventDate "2004.07.11"]

1. e4 e5 2. Nf3 Nc6 3. Bc4 Bc5 4. c3 Qe7 5. d4 exd4 6. O-O d3 7. b4 Bb6 8. e5
d6 9. exd6 Qxd6 10. a4 a5 11. b5 Nd8 12. Nbd2 Nf6 13. Nb3 c5 14. bxc6 bxc6 15.
Ba3 c5 16. Bb5+ Bd7 17. Re1+ Ne6 18. Bxd3 Qc7 19. Ne5 Bxa4 20. Bc4 Bd7 21. Nxd7
Qxd7 22. Nxc5 Bxc5 23. Bxc5 Rc8 24. Bxe6 fxe6 25. Bd4 O-O 26. Rxa5 Nd5 27. Ra7
Rc7 28. Rxc7 Nxc7 29. Qg4 Rc8 30. h3 Re8 31. Be5 Nb5 32. c4 Na7 33. Rd1 Qf7 34.
Rd6 Nc8 35. Rc6 Na7 36. Ra6 Qd7 37. Qxg7+ 1-0

[Event "II Festival A"]
[Site "Cortina d'Ampezzo ITA"]
[Date "2004.07.17"]
[Round "8"]
[White "Mariano, Elia"]
[Black "Poropat, Marijan"]
[Result "1-0"]
[WhiteElo "2212"]
[BlackElo "2126"]
[PlyCount "101"]
[EventDate "2004.07.11"]

1. d4 Nf6 2. c4 c5 3. Nf3 g6 4. g3 Bg7 5. Bg2 O-O 6. O-O Nc6 7. Nc3 a6 8. dxc5
Qa5 9. Nd5 Ne4 10. Nb6 Rb8 11. Nxc8 Rbxc8 12. Qxd7 Rfd8 13. Qh3 Qxc5 14. Be3
Qxc4 15. Bb6 Re8 16. Rac1 Qxa2 17. Nd4 Bxd4 18. Bxd4 Nd2 19. Rfd1 Nb3 20. Bd5
Qa4 21. Bxf7+ Kxf7 22. Qxh7+ Ke6 23. Qxg6+ Kd7 24. Qg4+ e6 25. Bc5+ Ncd4 26.
Qg7+ Kc6 27. Bxd4+ Nxc1 28. Rxc1+ Kd6 29. Be5+ Kd5 30. Qxb7+ Kxe5 31. Rxc8 Rxc8
32. Qxc8 Qd1+ 33. Kg2 Qxe2 34. Qc3+ Kd6 35. Qd4+ Ke7 36. Qg7+ Kd6 37. Qf8+ Kc7
38. Qc5+ Kb7 39. Qe7+ Kc6 40. Qe8+ Kc5 41. Qe7+ Kd5 42. Qa3 Qb5 43. Qf3+ Kd6
44. b3 e5 45. h4 a5 46. h5 Qe8 47. Qf6+ Kc5 48. h6 Qa8+ 49. Kh2 Qe4 50. Qe7+
Kb5 51. h7 1-0

[Event "II Festival A"]
[Site "Cortina d'Ampezzo ITA"]
[Date "2004.07.17"]
[Round "8"]
[White "Miladinovic, Igor"]
[Black "Cacco, Christian"]
[Result "1-0"]
[WhiteElo "2630"]
[BlackElo "2282"]
[PlyCount "77"]
[EventDate "2004.07.11"]

1. d4 d5 2. c4 e6 3. Nc3 Nf6 4. cxd5 exd5 5. Bg5 Be7 6. e3 h6 7. Bh4 O-O 8. Bd3
b6 9. Nf3 Bb7 10. O-O Nbd7 11. Qc2 c5 12. Rad1 Re8 13. dxc5 bxc5 14. Bb5 Rf8
15. Bxd7 Qxd7 16. Bxf6 Bxf6 17. Nxd5 Bxd5 18. Qxc5 Rfc8 19. Qxd5 Qxd5 20. Rxd5
Rc2 21. Rd2 Rac8 22. Rfd1 Bxb2 23. Kf1 Bf6 24. Ke2 a5 25. Rxc2 Rxc2+ 26. Rd2
Rc4 27. Kd1 Rb4 28. Kc1 Kf8 29. Rc2 Ke7 30. Nd2 Kd7 31. Nb3 Rb5 32. Rc4 Be7 33.
Rf4 f5 34. Rc4 Bf6 35. Kc2 Bd8 36. a4 Rd5 37. Nc5+ Ke7 38. Nb7 Re5 39. Kd3 1-0

[Event "II Festival A"]
[Site "Cortina d'Ampezzo ITA"]
[Date "2004.07.17"]
[Round "8"]
[White "Molina, Fabrizio"]
[Black "Ventura, Sergio"]
[Result "1/2-1/2"]
[WhiteElo "2246"]
[BlackElo "2175"]
[PlyCount "56"]
[EventDate "2004.07.11"]

1. c4 e6 2. g3 d5 3. Bg2 Nf6 4. Nf3 Be7 5. b3 a5 6. Nc3 d4 7. Nb5 Nc6 8. O-O e5
9. d3 O-O 10. h3 Nd7 11. e3 a4 12. exd4 axb3 13. Qxb3 exd4 14. Bf4 Nc5 15. Qb1
Ne6 16. Bd2 Bf6 17. a4 Bd7 18. Qc2 Qc8 19. c5 Re8 20. Rfe1 g6 21. Rab1 Bg7 22.
Qc4 Rd8 23. Kh2 Na5 24. Bxa5 Rxa5 25. Nd2 Bc6 26. Nb3 Ng5 27. g4 Bxb5 28. axb5
Ra2 1/2-1/2

[Event "II Festival A"]
[Site "Cortina d'Ampezzo ITA"]
[Date "2004.07.17"]
[Round "8"]
[White "Papa, Angelo"]
[Black "Logallo, Claudio"]
[Result "1-0"]
[WhiteElo "1904"]
[BlackElo "2017"]
[PlyCount "86"]
[EventDate "2004.07.11"]

1. d4 Nf6 2. Nf3 g6 3. Nc3 d5 4. Bf4 Nh5 5. Bg3 Nxg3 6. hxg3 Bf5 7. e3 Bg7 8.
Nh4 Be6 9. Qd2 c6 10. Bd3 f5 11. Nf3 Nd7 12. O-O-O b5 13. Ng5 Bg8 14. g4 e6 15.
f4 Qa5 16. Kb1 Nb6 17. gxf5 exf5 18. e4 b4 19. Nxd5 cxd5 20. exf5 O-O-O 21. a3
h6 22. axb4 Qa4 23. Ne6 Bxe6 24. fxe6 Bxd4 25. Ba6+ Qxa6 26. Qxd4 Qb7 27. Rhe1
Qe7 28. Rd3 Rhe8 29. Rc3+ Kb7 30. g4 Rf8 31. Rh3 Rd6 32. Rxh6 Rxe6 33. Rxe6
Qxe6 34. f5 Qe1+ 35. Ka2 Rc8 36. Rxg6 Rc4 37. Rxb6+ axb6 38. Qxd5+ Rc6 39. b5
Qb4 40. Qxc6+ Ka7 41. Qd7+ Ka8 42. Qe8+ Kb7 43. Qe2 Qc4+ 1-0

[Event "II Festival A"]
[Site "Cortina d'Ampezzo ITA"]
[Date "2004.07.17"]
[Round "8"]
[White "Quaranta, Cristiano"]
[Black "Xia, Jie"]
[Result "1/2-1/2"]
[WhiteElo "2110"]
[BlackElo "2126"]
[PlyCount "72"]
[EventDate "2004.07.11"]

1. d4 Nf6 2. Bg5 d5 3. Bxf6 exf6 4. e3 c6 5. c4 dxc4 6. Bxc4 Bd6 7. Nc3 O-O 8.
Nge2 a6 9. O-O Nd7 10. Qc2 f5 11. g3 Nf6 12. Nf4 Re8 13. Bd3 g6 14. Rfe1 b5 15.
Bf1 Bb7 16. Bg2 Qc7 17. Rac1 Rac8 18. Nd3 c5 19. dxc5 Bxg2 20. Kxg2 Bxc5 21.
Nxc5 Qxc5 22. Qd1 Red8 23. Qf3 Ng4 24. Ne2 Qb4 25. b3 Ne5 26. Rxc8 Rxc8 27. Qb7
Rd8 28. Rc1 Kg7 29. Nd4 Rd6 30. Qc7 Nd3 31. Qc3 Qxc3 32. Rxc3 Nb4 33. a3 Nd5
34. Rc6 Rxc6 35. Nxc6 Kf6 36. Kf3 Nc3 1/2-1/2

[Event "II Festival A"]
[Site "Cortina d'Ampezzo ITA"]
[Date "2004.07.17"]
[Round "8"]
[White "Rombaldoni, Denis"]
[Black "Zoldan, Matteo"]
[Result "1-0"]
[WhiteElo "2224"]
[BlackElo "2103"]
[PlyCount "53"]
[EventDate "2004.07.11"]

1. d4 Nf6 2. c4 g6 3. Nc3 Bg7 4. Nf3 O-O 5. Bg5 d6 6. e3 c5 7. d5 h6 8. Bh4 Qb6
9. Qc2 Na6 10. Nd2 g5 11. Bg3 Nh5 12. Be2 Nxg3 13. hxg3 f5 14. a3 e6 15. f4 g4
16. O-O-O Nc7 17. Rh5 Bd7 18. dxe6 Bxe6 19. Bd3 Rae8 20. e4 fxe4 21. Ndxe4 Re7
22. Nxd6 Rd8 23. Bh7+ Kf8 24. Rf5+ Bf7 25. Nce4 Rxd6 26. Nxd6 Ne6 27. Nc8 1-0

[Event "II Festival A"]
[Site "Cortina d'Ampezzo ITA"]
[Date "2004.07.17"]
[Round "8"]
[White "Sanzani, Pierluigi"]
[Black "Cavatorta, Fosco"]
[Result "1-0"]
[WhiteElo "1955"]
[BlackElo "2057"]
[PlyCount "77"]
[EventDate "2004.07.11"]

1. e4 d6 2. d4 Nf6 3. Nc3 g6 4. Be3 c6 5. f3 b5 6. Qd2 Nbd7 7. h4 Nb6 8. g4 h5
9. g5 Nfd7 10. Nh3 Bg7 11. Bd3 a6 12. Nf4 e5 13. dxe5 Nxe5 14. Be2 Nbc4 15. Qc1
Nxe3 16. Qxe3 Nc4 17. Bxc4 bxc4 18. Nfe2 O-O 19. O-O Rb8 20. Rab1 Qe7 21. Nd4
Qc7 22. b3 cxb3 23. axb3 Rb4 24. Nde2 d5 25. Qc5 a5 26. Nxd5 Qe5 27. Ne7+ Kh7
28. Qxe5 Bxe5 29. Nxc6 Rb5 30. Nxe5 Rxe5 31. Rfd1 Ba6 32. Ng3 Rc5 33. Rd2 Rc3
34. Kf2 Rfc8 35. Rb2 R3c5 36. Ne2 R8c7 37. Nf4 Kg7 38. Nd5 Rb7 39. Ra2 1-0

[Event "II Festival A"]
[Site "Cortina d'Ampezzo ITA"]
[Date "2004.07.17"]
[Round "8"]
[White "Sulava, Nenad"]
[Black "Drazic, Sinisa"]
[Result "1-0"]
[WhiteElo "2482"]
[BlackElo "2461"]
[PlyCount "121"]
[EventDate "2004.07.11"]

1. d4 Nf6 2. c4 e5 3. dxe5 Ng4 4. Bf4 Nc6 5. Nf3 Bc5 6. e3 Qe7 7. a3 Ngxe5 8.
Nc3 Bd6 9. Nd5 Qd8 10. c5 Nxf3+ 11. Qxf3 Bxf4 12. Qxf4 d6 13. Bc4 O-O 14. cxd6
cxd6 15. O-O Be6 16. Rfd1 Ne5 17. Ba2 Rc8 18. Qd4 Nc6 19. Qd2 Qg5 20. Kh1 Qh4
21. f3 Ne5 22. e4 Kh8 23. Ne3 Rfd8 24. Bd5 Rd7 25. Qe2 g6 26. Rd2 Kg8 27. Rad1
Qf4 28. Rf1 Rdc7 29. Rdd1 Rc5 30. g3 Qf6 31. f4 Nc4 32. Bxe6 fxe6 33. e5 dxe5
34. Ng4 Qe7 35. fxe5 Kh8 36. b4 R5c7 37. Rd4 Nb6 38. Nf6 Rc2 39. Qd3 Qc7 40.
Rh4 Qc6+ 41. Rf3 Rc1+ 42. Kg2 Qc2+ 43. Kh3 h5 44. Qe3 Kg7 45. Rf2 Nc4 46. Qg5
Qxf2 47. Nxh5+ Kf7 48. Rf4+ Qxf4 49. Qxf4+ Ke7 50. Qg5+ Kf8 51. Qxc1 gxh5 52.
Qh6+ Ke7 53. Qf6+ Kd7 54. Qf7+ Kd8 55. Qxe6 Nb6 56. Qf6+ Ke8 57. Qg6+ Kd8 58.
e6 Rc7 59. Qg8+ Ke7 60. Qf7+ Kd6 61. Qf4+ 1-0

[Event "II Festival A"]
[Site "Cortina d'Ampezzo ITA"]
[Date "2004.07.17"]
[Round "8"]
[White "Tamburini, Lorenzo"]
[Black "Lain, Luigi"]
[Result "0-1"]
[WhiteElo "2078"]
[BlackElo "2243"]
[PlyCount "56"]
[EventDate "2004.07.11"]

1. e4 e5 2. Nf3 Nc6 3. Bb5 a6 4. Bxc6 dxc6 5. O-O Bg4 6. h3 Bxf3 7. Qxf3 Bd6 8.
d3 Qd7 9. Qe3 Ne7 10. Nd2 Rg8 11. Nc4 c5 12. b3 O-O-O 13. Bb2 Nc6 14. Qd2 g5
15. Ne3 h5 16. f3 Nd4 17. a3 Ne6 18. b4 Nf4 19. bxc5 Bxc5 20. Kh2 f6 21. a4 g4
22. fxg4 hxg4 23. hxg4 Rxg4 24. d4 Rh8+ 25. Kg1 Nh3+ 26. Kh2 Nf2+ 27. Kg1 Nxe4
28. Qe1 Qh7 0-1

[Event "II Festival A"]
[Site "Cortina d'Ampezzo ITA"]
[Date "2004.07.17"]
[Round "8"]
[White "Tomba, Ivan"]
[Black "Dvirnyy, Danyyil"]
[Result "1-0"]
[WhiteElo "2292"]
[BlackElo "1968"]
[PlyCount "99"]
[EventDate "2004.07.11"]

1. e4 c5 2. Nf3 d6 3. d4 cxd4 4. Nxd4 Nf6 5. Nc3 g6 6. Be3 Bg7 7. f3 O-O 8. Qd2
Nc6 9. O-O-O Bd7 10. g4 Rc8 11. h4 Ne5 12. h5 Qa5 13. Kb1 b5 14. Nd5 Qxd2 15.
Nxe7+ Kh8 16. Rxd2 Rce8 17. h6 Rxe7 18. hxg7+ Kxg7 19. Bh6+ Kg8 20. Bxf8 Kxf8
21. Be2 Kg7 22. Nb3 Ne8 23. a3 a6 24. Nc1 Be6 25. Na2 Bc4 26. Bd1 Bxa2+ 27.
Kxa2 g5 28. Be2 Rc7 29. Kb3 Rc6 30. c3 f6 31. Rd4 Nc7 32. Rhd1 Nf7 33. c4 Kf8
34. cxb5 axb5 35. Kb4 Rb6 36. Rc1 Rb7 37. Rd2 Ke7 38. Rdc2 Kd7 39. Rxc7+ Rxc7
40. Rxc7+ Kxc7 41. Kxb5 Kb7 42. b4 Ne5 43. a4 Nc6 44. Kc4 Ne7 45. b5 Kc7 46. a5
Kb7 47. Kb4 Ng6 48. b6 Kc6 49. Bb5+ Kb7 50. Be8 1-0

[Event "II Festival A"]
[Site "Cortina d'Ampezzo ITA"]
[Date "2004.07.18"]
[Round "9"]
[White "Beccaris, Gabriele"]
[Black "Sanzani, Pierluigi"]
[Result "1/2-1/2"]
[WhiteElo "2081"]
[BlackElo "1955"]
[PlyCount "100"]
[EventDate "2004.07.11"]

1. e4 c5 2. c3 Nf6 3. e5 Nd5 4. d4 cxd4 5. Bc4 Qc7 6. Qe2 Nb6 7. Bd3 Nc6 8. Nf3
d6 9. exd6 Qxd6 10. O-O Bg4 11. Rd1 g6 12. Bb5 Bg7 13. h3 Bxf3 14. Qxf3 Rc8 15.
cxd4 O-O 16. Bxc6 Rxc6 17. Bf4 Qd5 18. Qd3 Rc4 19. Nc3 Qxd4 20. Be3 Qxd3 21.
Rxd3 Rb4 22. b3 Bxc3 23. Rxc3 Nd5 24. Bc5 Rb5 25. Rc4 b6 26. Ba3 Re8 27. Rac1
f6 28. Bb2 Kf7 29. Rd1 Rd8 30. Kh2 Rd7 31. Kg3 e5 32. Ba3 Ra5 33. Ra4 Rxa4 34.
bxa4 Ke6 35. Rc1 Ne7 36. Bb4 Nf5+ 37. Kh2 Rd4 38. a3 a5 39. Rc6+ Kd5 40. Rxb6
axb4 41. axb4 Ne7 42. a5 Nc6 43. a6 Rd2 44. b5 Na7 45. Rb7 Nxb5 46. Rxb5+ Ke6
47. Ra5 Rd8 48. a7 Ra8 49. Ra6+ Kd5 50. Rxf6 Rxa7 1/2-1/2

[Event "II Festival A"]
[Site "Cortina d'Ampezzo ITA"]
[Date "2004.07.18"]
[Round "9"]
[White "Cavatorta, Fosco"]
[Black "Belloni, Umberto"]
[Result "1/2-1/2"]
[WhiteElo "2057"]
[BlackElo "1955"]
[PlyCount "131"]
[EventDate "2004.07.11"]

1. e4 e6 2. d3 d5 3. Nd2 dxe4 4. dxe4 b6 5. Ngf3 Ba6 6. Bxa6 Nxa6 7. c3 Nc5 8.
O-O Nf6 9. Qe2 Qd3 10. Qxd3 Nxd3 11. e5 Ng4 12. Nc4 Bc5 13. Nd4 Ngxe5 14. Nxe5
Nxe5 15. Bf4 Bd6 16. Nb5 a6 17. Nxd6+ cxd6 18. Rad1 Ke7 19. Rd4 Rhd8 20. Rfd1
f6 21. Rb4 Rab8 22. Be3 Nd7 23. Kf1 Rdc8 24. Rg4 Rg8 25. Rgd4 d5 26. Bf4 Rb7
27. Re1 Kf7 28. Bg3 Rc8 29. Red1 b5 30. f4 f5 31. Bf2 Nf6 32. a4 Rc4 33. axb5
axb5 34. Ra1 Ne4 35. Rxc4 bxc4 36. Bd4 Nd2+ 37. Ke2 Nb3 38. Ra7 Rxa7 39. Bxa7
Na5 40. Kd2 Nc6 41. Bc5 e5 42. fxe5 Ke6 43. Bd4 Nxe5 44. Kc2 g5 45. Kd2 f4 46.
h3 Kf5 47. Ke2 h5 48. Bc5 Nc6 49. Bf2 Ke4 50. Bc5 g4 51. hxg4 hxg4 52. Bd6 Ne5
53. Be7 Nd3 54. Ba3 f3+ 55. gxf3+ gxf3+ 56. Kd2 f2 57. Ke2 f1=Q+ 58. Kxf1 Ke3
59. Kg2 Ne1+ 60. Kg3 Nc2 61. Bc5+ d4 62. cxd4 Nxd4 63. Bxd4+ Kxd4 64. Kf4 Kd3
65. Ke5 Kc2 66. Kd4 1/2-1/2

[Event "II Festival A"]
[Site "Cortina d'Ampezzo ITA"]
[Date "2004.07.18"]
[Round "9"]
[White "Drazic, Sinisa"]
[Black "Castaldo, Folco"]
[Result "1/2-1/2"]
[WhiteElo "2461"]
[BlackElo "2318"]
[PlyCount "236"]
[EventDate "2004.07.11"]

1. e4 d6 2. d4 Nf6 3. f3 d5 4. Nc3 dxe4 5. fxe4 e5 6. Nf3 exd4 7. Nxd4 Bc5 8.
Be3 Qe7 9. Bd3 Bd7 10. Qd2 Nc6 11. Nde2 O-O-O 12. Bg5 Qe5 13. Bf4 Qe7 14. Bg5
Qe5 15. h3 h6 16. Bf4 Qe7 17. O-O-O Ne5 18. Kb1 Ng6 19. Bh2 Bd6 20. Bg1 Bc5 21.
Bh2 Bd6 22. Ng3 Ne5 23. Be2 Kb8 24. Qe1 g6 25. Rf1 Bc5 26. Bd3 Bc6 27. Nge2
Rhe8 28. Qh4 Nxe4 29. Qxe7 Nxc3+ 30. Nxc3 Rxe7 31. Bxg6 Rxd1+ 32. Rxd1 a6 33.
Be4 Bxe4 34. Nxe4 Bb6 35. Nf6 Nc4 36. Rd8+ Ka7 37. Re8 Rxe8 38. Nxe8 f5 39. Bf4
Be3 40. Bxc7 Nd2+ 41. Kc1 Nc4+ 42. Kb1 Bb6 43. Bf4 Be3 44. g3 Bxf4 45. gxf4 Kb6
46. b3 Ne3 47. Kc1 Kc5 48. Kd2 Ng2 49. Ng7 Nxf4 50. h4 h5 51. Nxf5 Kd5 52. c4+
Ke5 53. Ng3 Ng6 54. Kc3 Nxh4 55. Nxh5 a5 56. Ng3 Nf3 57. Ne2 Kd6 58. Nd4 Ng5
59. Kd3 Kc5 60. a3 b6 61. Nc2 Nf3 62. Kc3 Ng5 63. Ne1 Ne4+ 64. Kd3 Nf2+ 65. Kc3
Ne4+ 66. Kc2 a4 67. Nd3+ Kd4 68. Nb2 axb3+ 69. Kxb3 Kc5 70. Na4+ Kc6 71. Kb4
Nf2 72. Nb2 Ne4 73. Nd3 Nd6 74. Ne5+ Kb7 75. Kc3 Ne4+ 76. Kb4 Nd6 77. Kb3 Ne4
78. Nf3 Kc6 79. Kb4 Nd6 80. Nd4+ Kb7 81. Nb5 Ne4 82. Nc3 Nd6 83. Nd5 Ne4 84.
Ne7 Nd6 85. Kc3 Ne4+ 86. Kd3 Nc5+ 87. Kd4 Nb3+ 88. Kd5 Nd2 89. Nf5 Nb3 90. Nd4
Nd2 91. Nb5 Nb3 92. Nc3 Kc7 93. Ne4 Na5 94. Nf2 Nc6 95. Nd3 Ne7+ 96. Ke6 Nc6
97. Nf4 Nd4+ 98. Kd5 Nf5 99. Ke5 Ng3 100. Kd5 Nf5 101. Ng2 Ne7+ 102. Ke6 Nc6
103. Ne3 Nd8+ 104. Kd5 Nc6 105. Nf5 Nd8 106. Nd6 Nc6 107. Ne8+ Kb7 108. Ke4 Na5
109. Kd4 Kc6 110. Kc3 b5 111. cxb5+ Kxb5 112. Nd6+ Kc5 113. Ne4+ Kb5 114. Nd2
Nc6 115. Nf3 Ka4 116. Kb2 Na5 117. Ne5 Nb7 118. Ka2 Nc5 1/2-1/2

[Event "II Festival A"]
[Site "Cortina d'Ampezzo ITA"]
[Date "2004.07.18"]
[Round "9"]
[White "Dvirnyy, Danyyil"]
[Black "D'Apa, Matteo"]
[Result "1/2-1/2"]
[WhiteElo "1968"]
[BlackElo "1939"]
[PlyCount "144"]
[EventDate "2004.07.11"]

1. e4 c6 2. d4 d5 3. Nc3 dxe4 4. Nxe4 Bf5 5. Ng3 Bg6 6. N1e2 e6 7. Nf4 Nf6 8.
Bc4 Nbd7 9. h4 Be7 10. h5 Be4 11. f3 Bd5 12. Bd3 c5 13. c4 Bc6 14. d5 exd5 15.
Nf5 O-O 16. Qe2 Re8 17. Kf1 Bf8 18. Qf2 dxc4 19. Bc2 Ne5 20. Bd2 Nd3 21. Qg3
Kh8 22. Ng6+ Kg8 23. Nh6+ gxh6 24. Ne5+ Bg7 25. Bxh6 Ng4 26. Qxg4 Qf6 27. Qxg7+
Qxg7 28. Bxg7 Kxg7 29. h6+ Kg8 30. Nxc4 Nb4 31. Bf5 Bb5 32. Rh4 Rad8 33. Kg1
Bxc4 34. Rxc4 Rd5 35. Rg4+ Kh8 36. Be4 Rd6 37. Rg7 Rxh6 38. Rxf7 Rb8 39. Rd1
Nxa2 40. Rdd7 b6 41. Rxh7+ Rxh7 42. Rxh7+ Kg8 43. Rxa7 Nb4 44. Kf2 Rd8 45. Rb7
Rd2+ 46. Kg3 Rxb2 47. Rxb6 Kf8 48. Rb5 c4 49. Rc5 Nc2 50. Rxc4 Ne3 51. Rc8+ Ke7
52. f4 Nf1+ 53. Kg4 Ne3+ 54. Kf3 Nxg2 55. Rc1 Rb4 56. Kxg2 Rxe4 57. Kf3 Re6 58.
Kg4 Rg6+ 59. Kf5 Rf6+ 60. Kg5 Rf8 61. f5 Rg8+ 62. Kf4 Kf7 63. Rb1 Kf6 64. Rb6+
Kf7 65. Ra6 Re8 66. Rh6 Re1 67. Rh3 Kf6 68. Rf3 Rg1 69. Rf2 Re1 70. Rf3 Rg1 71.
Rf2 Re1 72. Kg4 Rg1+ 1/2-1/2

[Event "II Festival A"]
[Site "Cortina d'Ampezzo ITA"]
[Date "2004.07.18"]
[Round "9"]
[White "Efimov, Igor"]
[Black "Navarro, Stefano"]
[Result "1-0"]
[WhiteElo "2491"]
[BlackElo "2117"]
[PlyCount "65"]
[EventDate "2004.07.11"]

1. c4 e5 2. Nc3 d6 3. g3 f5 4. Bg2 Nf6 5. d4 Be7 6. Nf3 e4 7. Ng5 O-O 8. f3
exf3 9. exf3 f4 10. Nh3 fxg3 11. hxg3 Nh5 12. Ne2 Nc6 13. Nf2 g6 14. g4 Ng7 15.
Bh6 Bh4 16. Qd2 Bxg4 17. Nf4 Qe7+ 18. Kf1 Bh5 19. Re1 Qf7 20. Rxh4 Qxc4+ 21.
Kg1 Rfe8 22. Rxe8+ Rxe8 23. Bxg7 Kxg7 24. Nxh5+ gxh5 25. Qg5+ Kh8 26. d5 Re1+
27. Kh2 Qe2 28. dxc6 Qxf2 29. cxb7 Qxb2 30. Qd8+ Kg7 31. Qxc7+ Kg6 32. Qxd6+
Kg5 33. Qf4+ 1-0

[Event "II Festival A"]
[Site "Cortina d'Ampezzo ITA"]
[Date "2004.07.18"]
[Round "9"]
[White "Forno, Roberto"]
[Black "Xia, Jie"]
[Result "0-1"]
[WhiteElo "2015"]
[BlackElo "2126"]
[PlyCount "68"]
[EventDate "2004.07.11"]

1. d4 Nf6 2. Nf3 g6 3. c4 Bg7 4. Nc3 d6 5. Bg5 O-O 6. e4 h6 7. Bh4 Nbd7 8. Be2
a6 9. O-O g5 10. Bg3 Nh5 11. Rc1 Nxg3 12. hxg3 c5 13. a3 e6 14. d5 Ne5 15. b4
cxb4 16. axb4 Qb6 17. Qb3 Bd7 18. Nxe5 Bxe5 19. Rc2 Bxg3 20. b5 axb5 21. Nxb5
Be5 22. Rb1 exd5 23. exd5 Ra5 24. Qf3 Rfa8 25. Nc3 Ra1 26. Rcc1 Rxb1 27. Rxb1
Qd4 28. Rxb7 g4 29. Qe4 Ra1+ 30. Bf1 Qxe4 31. Nxe4 Bf5 32. f3 Bd4+ 33. Kh2 Rxf1
34. Nxd6 Be5+ 0-1